LEADER 01017nam0 2200277 450 001 000024170 005 20090309135549.0 100 $a20090309d1990----km-y0itay50------ba 101 0 $aeng 102 $aGB 105 $ay-------001yy 200 1 $aGame theory in economics$fedited by Ariel Rubinstein 210 $aAldershot$cElgar$d1990 215 $aXVIII, 661 p.$d25 cm 225 2 $a<>international library of critical writings in economics$h<>Elgar reference collection$v5 410 0$12001$a<>international library of critical writings in economics 500 10$aGame theory in economics$959759 610 1 $aEconomia$aApplicazioni della teoria dei giochi 610 1 $aEconomia matematica 676 $a330.015193$v20$9Economia. Principi statistici. Teoria dei giochi 702 1$aRubinstein,$bAriel 801 0$aIT$bUNIPARTHENOPE$c20090309$gRICA$2UNIMARC 912 $a000024170 951 $a311/148$b6774$cNAVA2$d2009 996 $aGame theory in economics$959759 997 $aUNIPARTHENOPE LEADER 01280cam0 2200325 450 001 000005358 005 20081106140302.0 010 $a88-464-4971-1 100 $a20040329d2003----km-y0itay50------ba 101 0 $aita$aeng 102 $aIT 105 $aa-------001zy 200 1 $a<>sistemi di welfare tra decentramento regionale e integrazione europea$fa cura di Daniele Franco, Alberto Zanardi 210 $aMilano$cFranco Angeli$d2003 215 $a294 p.$cgraf. e tab.$d24 cm 225 2 $aEconomia e finanza pubblica$v35 300 $aScritti di autori vari 410 0$12001$aEconomia e finanza pubblica 500 10$a<>sistemi di welfare tra decentramento regionale e integrazione europea$960767 610 1 $aSicurezza sociale$aComunità economica europea$aTassazione, entrate e sussidi nazionali 610 1 $aItalia$aPolitica sociale 610 1 $aPaesi della Comunità europea$aPolitica sociale 676 $a361.610945$v21$9Politica sociale. Italia 702 1$aFranco,$bDaniele$4070 702 1$aZanardi,$bAlberto$4070 801 0$aIT$bUNIPARTHENOPE$gRICA$2UNIMARC 912 $a000005358 951 $a915/33.$b10364$cNAVA2$d20040329 996 $aSistemi di welfare tra decentramento regionale e integrazione europea$960767 997 $aUNIPARTHENOPE LEADER 01042nam0 2200301 450 001 000020343 005 20081204155953.0 010 $a88-15-04287-3 100 $a20081204d1993----km-y0itay50------ba 101 0 $aita 102 $aIT 105 $ay-------001yy 200 1 $a<>pensioni domani$eprimo rapporto sulla previdenza in Italia$fINPS 210 $aBologna$cIl Mulino$d[1993] 215 $a442 p.$d22 cm 225 2 $aStudi e ricerche$v329 300 $aIn cop.: Un'aggiornata analisi degli equilibri economico-finanziari e delle tendenze evolutive del sistema previdenziale 410 0$12001$aStudi e ricerche 500 10$a<>pensioni domani$933478 610 1 $aPensioni$aItalia 610 1 $aPrevidenza sociale$aItalia 676 $a331.252$v20$9Economia del lavoro. Pensioni 710 02$aIstituto Nazionale della Previdenza Sociale$0102615 801 0$aIT$bUNIPARTHENOPE$c20081204$gRICA$2UNIMARC 912 $a000020343 951 $a915/5$b7810$cNAVA2 996 $aPensioni domani$933478 997 $aUNIPARTHENOPE